| 000 | 00913nam a2200277 i 4500 | ||
|---|---|---|---|
| 001 | 74793 | ||
| 003 | ES-MaACL | ||
| 005 | 20230906172239.0 | ||
| 007 | t| | ||
| 008 | 040921s1983 fr ||||1| fre d | ||
| 020 | _a2-07-023159-3 | ||
| 100 | 1 |
_aGourevitch, Aaron J. _959357 |
|
| 245 | 1 | 4 |
_aLes catégories de la culture médiévale / _cAaron J. Gourevitch ; traduit du russe par Hélène Courtin et Nina Godneff ; préface de Georges Duby. |
| 260 |
_a[París] : _bGallimard, _c[1983] |
||
| 300 |
_aXIII, 340 p. ; _c23 cm. |
||
| 490 | 1 | _aBibliothèque des histoires | |
| 500 | _aIndice. | ||
| 504 | _aBibliografía. | ||
| 650 | 4 |
_aCivilización medieval. _9146249 |
|
| 700 | 1 |
_aCourtin, Hélène. _941286 |
|
| 700 | 1 |
_aGodneff, Nina. _957531 |
|
| 700 | 1 |
_aDuby, Georges. _945797 |
|
| 830 | 0 |
_aBibliothèque des histoires _9181561 |
|
| 852 |
_aES-MaACL _jL-12462 _bR.115508 |
||
| 999 |
_c74793 _d74793 |
||